Dictionaire manuel des idées - suggérées par les mots /

Gespeichert in:
Bibliographische Detailangaben
1. Verfasser: Rouaix, Paul
Format: Sách giấy
Veröffentlicht: : , 1960
Tags: Tag hinzufügen
Keine Tags, Fügen Sie den ersten Tag hinzu!
Thư viện lưu trữ: Thư viện Trường Đại học Đà Lạt
LEADER 00563nam a2200253 4500
001 DLU020018791
005 ##10/11/2001
020 # # |a 978- 
041 # # |f re 
082 # # |a 443  |b RO-P 
100 # # |a Rouaix, Paul 
245 # # |a Dictionaire manuel des idées - suggérées par les mots /  |c Paul Rouaix 
260 # # |a  :  |b  ,  |c 1960 
300 # # |a 538 tr.;   |c 18 cm. 
992 # # |a 0 
994 # # |a DLU 
998 # # |a TK 
900 # # |a False 
911 # # |a Administrator 
925 # # |a G 
926 # # |a A 
927 # # |a SH 
980 # # |a Thư viện Trường Đại học Đà Lạt